แสดงรายละเอียดบรรณานุกรม
  กลับหน้าหลัก

Brief Record : Get Marc (ISO 2709) : E-mail record : QR code ปิดหน้าต่าง
E-books : เกี่ยวกับ Collections
LEADER 00000nam 2200000uu 4500
001    210954
003     ULIBM
008    020711s2558 th a 000 0 tha d
041    ^atha^beng
050  4 HV5600.55 น882ภอ 2558
100    เนื้อแพร เล็กเฟื่องฟู...[และคนอื่นๆ]
245    สถานการณ์การบริโภคเครื่องดื่มแอลกอฮอล์ ภาคตะวันออกเฉียงเหนือ 2558/^cเนื้อแพร เล็กเฟื่องฟู...[และคนอื่นๆ]
260    กรุงเทพฯ :^bศูนย์วิจัยปัญหาสุรา,^c2558
300    11 หน้า :^bภาพประกอบ ;^c29 ซม.
650  4 การดื่มเครื่องดื่มที่มีแอลกอฮอล์^zไทย(ภาคตะวันออกเฉียงเหนือ)
650  4 ^aการดื่มเครื่องดื่มที่มีแอลกอฮอล์^zไทย^xสถิติ
700 0  ^aเนื้อแพร เล็กเฟื่องฟู
710 2  ^aศูนย์วิจัยปัญหาสุรา
999    ^aใช้งานได้ทุกระบบ
รายการนี้ยังไม่มีแท็ก
คุณยังไม่ได้ล็อกอิน คุณสามารถมีกิจกรรมร่วมกับเว็บไซต์ได้ แต่ต้องล็อกอินก่อน ::
  ล็อกอิน
ลำดับที่ ประเภท เลขเรียก สถานที่ สถานะ
1. หนังสือทั่วไป
หนังสือทั่วไป
HV5600.55 น882ภอ 2558  
  
วิทยาศาสตร์สุขภาพ On Shelf
  ขอยืม
   [แสดง 1/1 รายการ]

รายการใกล้เคียง
    ผู้แต่ง [เนื้อแพร เล็กเฟื่องฟู...[และคนอื่นๆ]]

BibComment


ยังไม่เคยถูกคอมเมนท์

คอมเมนท์ทรัพยากรรายการนี้
  คอมเมนท์: สถานการณ์การบริโภ..
Bib 210954

 
 
 

 Union Library Management : ULibM
Copyright 2026. All Rights Reserved.
скачать бесплатно без регистрации порно красивый секс HD Sex Hindi sex

xxx gou

xxxx

bfxxx

xxxwww

Секса Видео

xxxx

Секса Видео

detube

geilexxx

C99 Shell

worms shell

blod xxx video
Ebony Coed Rihanna Rimes Takes A Dick In Her Young Twat priyaa indian fuck anal and pusssy hardcore indian women xxx desi hardcore fucking part 1 bengalixxxcouple